Apoyo internacional para la paz y la democracia
En apoyo al fortalecimiento democrático, la consolidación de la paz y la estabilización económica, un grupo de países y organizaciones que integran el grupo consultivo prometieron a tres países centroamericanos la suma de 2 mil millones de dólares, entre donaciones y préstamos. Las delegaciones de E...
保存先:
| フォーマット: | テキスト |
|---|---|
| 主題: | |
| タグ: |
タグ追加
タグなし, このレコードへの初めてのタグを付けませんか!
|
MARC
| LEADER | 00000 a a2200000 04500 | ||
|---|---|---|---|
| 001 | 11366 | ||
| 003 | |||
| 040 | |||
| 245 | |a Apoyo internacional para la paz y la democracia | ||
| 520 | |a En apoyo al fortalecimiento democrático, la consolidación de la paz y la estabilización económica, un grupo de países y organizaciones que integran el grupo consultivo prometieron a tres países centroamericanos la suma de 2 mil millones de dólares, entre donaciones y préstamos. Las delegaciones de El Salvador, Nicaragua y Guatemala, se reunieron en París (julio 1995), para presentar los logros políticos y económicos que viabilizaran la promesa de cooperación económica. La millonaria cooperación despierta cuestionamientos acerca de la capacidad de pago de los préstamos concedidos, la fiscalización de los recursos y el nivel de ejecución de los presupuestos de inversión que durante años ha sido deficiente en estos tres países centroamericanos. REV//jmml | ||
| 650 | |a COEXISTENCIA PACIFICA | ||
| 650 | |a PLANES DE PAZ | ||
| 650 | |a SISTEMAS POLITICOS | ||
| 650 | |a PAISES EN DESARROLLO | ||
| 650 | |a DEMOCRACIA | ||
| 650 | |a ESTABILIZACION ECONOMICA | ||
| 650 | |a COOPERACION ECONOMICA | ||
| 650 | |a BANCO MUNDIAL | ||
| 650 | |a BID | ||
| 650 | |a COOPERACION ECONOMICA | ||
| 650 | |a BID | ||
| 650 | |a BANCO MUNDIAL | ||
| 773 | |g volumen 26, número 106; páginas 5-7 | ||
| 999 | |c 26860 |d 26860 | ||
